Quizzes
Events
Quiz Creation
Community
Videos
Private Events
Remove Ads
Sign In
Join for FREE
Feedback
Dark Mode
Quiz Categories
Sports
Geography
Music
Movies
Television
Just For Fun
Miscellaneous
History
Literature
Language
Science
Gaming
Entertainment
Religion
Holiday
For Kids
Quiz Lab
Recent
Popular Today
Quiz Kudos Today
Editor Picks
Curator Picks
Quizzes by...
Day
Popularity
Type
Ratings
Length
Year
Community
Subscriptions
Recent Discussions
Orange Saloon
Badges
Playlists
Quests
Create
Leaderboards
Showdown
Live 5
Trivia Bingo
Activity
Puzzle Library
Sporcle Events
Private Events
Virtual Trivia
Globe League
Become a Host
Pub Owners
SporcleCon
Opinionation
Our Games
Videos
Blog
Mobile Apps
Partnerships
Remove Ads and Go Orange
Feedback
Literature
Harry Potter
A Song of Ice and Fire
The Hunger Games
Literary Character
Shakespeare
Book
Author
Novel
Poem
Young Adult
Children's Books
Play
Lord of the Rings
Literature
Harry Potter
A Song of Ice and Fire
The Hunger Games
Literary Character
Shakespeare
Book
Author
Novel
Poem
Young Adult
Children's Books
Play
Lord of the Rings
Random Quiz
Search Sporcle
×
Quiz Lab
Quiz Lab
Literature
Deathly
Type in answers that appear in a list
Type in answers that appear in a list
Classic
Best Score? Go Orange.
First Line from Each Chapter in Deathly Hallows Stats
Can you name the First Line from Each Chapter in Deathly Hallows?
By
RickTommy
10m
37 Questions
54 Plays
54 Plays
54 Plays
Comments
Comments
Give Quiz Kudos
Give Quiz Kudos
-
- Ratings
hide this ad
Forced Order
Answers have to be entered in order
Answers have to be entered in order
Random Order
Randomize order of answers
Randomize order of answers
Replay
Link that replays current quiz
Next Quiz
Link to next quiz in quiz playlist
You Got
0%
They Got
Avg Score
79%
Avg Friend Score
Upgrade to see
Score Distribution
Jump to the score distribution portion of the page
Score
0/37
Timer
10:00
0
Plays Today
Line
Chapter
% Correct
Three o'clock on the following afternoon found Harry, Ron, Fred and George standing outside the great, white marquee in the orchard, awaiting the arrival of the wedding guests.
The Wedding
94.4%
The enchanted ceiling of the Great Hall was dark..., and below it, the four long house tables were lined with... students, some in travelling cloaks, others in dressing gowns.
The Battle of Hogwarts
92.6%
Bill and Fleur's cottage stood alone on a cliff overlooking the sea, its walls embedded with shells and whitewashed.
Shell Cottage
92.6%
Harry remained kneeling at Snape's side... until quite suddenly, a... voice spoke so close to them that Harry jumped to his feet... thinking that Voldemort had re-
entered the room.
The Prince's Tale
92.6%
Harry ran back upstairs to his bedroom, arriving at the window just in time to see the Dursleys' car swinging out of the drive and off up the road.
The Seven Potters
90.7%
'Ah, Mafalda!' said Umbridge, looking at Hermione.
The Muggle-Born Registration Commission
90.7%
'Hagrid?' Harry struggled to raise himself out of the debris of metal and leather that surrounded him; his hands sank into inches of muddy water as he tried to stand.
Fallen Warrior
90.7%
'Neville -
what the -
how -
?'
The Lost Diadem
88.9%
Their plans were made, their preparations complete; in the smallest bedroom, a single long, coarse, black hair... lay curled in a small glass phial on the mantelpiece.
Gringotts
88.9%
It was like sinking into an old nightmare; ...he was staring at a tiny body curled upon the grass, pierced by Bellatrix's silver knife.
The Wandmaker
87%
The sound of the front door slamming echoed up the stairs and a voice yelled, 'Oi! You!'
The Dursleys Departing
85.2%
As August wore on, the square of unkempt grass in the middle of Grimmauld Place shrivelled in the sun until it was brittle and brown.
Magic is Might
85.2%
There was no means of steering; the dragon could not see where it was going, and Harry knew that if it turned sharply, they would find it impossible to cling onto its broad back.
The Final Hiding Place
85.2%
The world had ended, so why had the battle not ceased, the castle fallen silent in horror, and every combatant laid down their arms?
The Elder Wand
85.2%
If Kreacher could escape a lake full of Inferi, Harry was confident that the capture of Mundungus would take a few hours at most.
The Bribe
85.2%
Harry woke early next morning, wrapped in a sleeping bag on the drawing-
room floor.
Kreacher's Tale
83.3%
Harry was bleeding.
In Memoriam
81.5%
He was lying face down on the ground again.
The Flaw in the Plan
81.5%
The shock of losing Mad-
Eye hung over the house in the days that followed; ...the other Order members... passed in and out to relay news.
The Ghoul in Pyjamas
79.6%
Line
Chapter
% Correct
It was snowing by the time Hermione took over the watch at midnight.
The Silver Doe
79.6%
Finally, the truth.
The Forest Again
79.6%
Early next morning, before the other two were awake, Harry left the tent to search the woods around them for the oldest, most gnarled and resilient-
looking tree he could find.
The Goblin's Revenge
77.8%
He lay face down, listening to the silence.
King's Cross
77.8%
Harry had not expected Hermione's anger to abate overnight, and was therefore unsurprised that she communicated mainly by dirty looks and pointed silences next morning.
Xenophilius Lovegood
75.9%
Harry opened his eyes and was dazzled by gold and green; he had no idea what had happened, he only knew that he was lying on what seemed to be leaves and twigs.
The Thief
75.9%
Autumn seemed to arrive suddenly that year.
Nineteen Years Later
75.9%
When Harry woke the following day, it was several seconds before he remembered what had happened.
Godric's Hollow
72.2%
'Harry, stop.'
Bathilda's Secret
70.4%
He was walking along a mountain road in the cool, blue light of dawn.
The Will of Albus Dumbledore
70.4%
Everything seemed fuzzy, slow.
A Place to Hide
68.5%
The moment her finger touched the Mark, Harry's scar burned savagely, the starry room vanished from sight... and there was triumph in his heart -
'they have the boy.'
The Sacking of Severus Snape
66.7%
Harry fell, panting, on to grass and scrambled up at once.
The Deathly Hallows
66.7%
Harry turned to look at Ron and Hermione.
The Tale of the Three Brothers
64.8%
The two men appeared out of nowhere, a few yards apart in the narrow, moonlit lane.
The Dark Lord Acending
64.8%
Harry looked round at the other two, now mere outlines in the darkness.
Malfoy Manor
64.8%
Harry's feet touched road.
The Missing Mirror
64.8%
The sun was coming up; the pure, colourless vastness of the sky stretched over him, indifferent to him and his suffering.
The Life and Lies of Albus Dumbledore
61.1%
Quiz Playlist
Details
Report
Send in Message
Add To Playlist
Classic:
Type in answers that appear in a list
Forced Order:
Answers have to be entered in order
Random Order:
Randomize order of answers
Last Updated: Feb 16, 2017
Quiz Scoreboard
CHALLENGE
Sign Up to Join the Scoreboard
Show All
Scores
Hide
Comments
May contain spoilers
Recently Published
9x9 Crossword: Cartoon Network
by jackfrog10
Miscellaneous
3m
College Basketball Coaching Resumes
by pancakes188
Sports
9m
Billboard Blitz: Fleetwood Mac
by CooCooCachoo
Music
15s
More to Explore
Quiz From the Vault
Featured Blog Post
Where Did the Easter Bunny Come From?
hide this ad
You Might Also Like...
Tags
Chapter
Deathly
Deathly Hallows
first
Hallow
Today's Top Quizzes in Literature
Browse Literature
hide this ad
Today's Top Quizzes in Deathly
Browse Deathly
Top Contributed Quizzes in Literature
1
Sneaky Slytherin Logic Puzzle
2
Get The Picture: Black or White Literature
3
5-to-1: Plays
4
A Court of Thorns and Roses (ACoTaR) Logic Puzzle
5
One Thing in Common: Literature
6
One Thing in Common: Literature II
7
One Thing in Common: Literature 3
8
One Thing in Common: Books
9
Literary Siblings Odd One Out III
10
Harry Potter Neighbourly Logic Puzzle #1
Explore More
Trending Topics
Anime
Kpop
Marvel
NBA
Disney
Harry Potter
Crossword
Country
WWE
Song
The Office
Pokémon
Soccer
NFL
Puzzle
hide this ad
More By:
RickTommy
Quiz
Plays
Rating
Category
Featured
Created
Story Mode Characters in Lego Harry Potter: Years 1-4
244
Gaming
Apr 5, 2011
Last Line from Each Chapter in Philosopher's Stone
79
Literature
Apr 5, 2011
First Line from Each Chapter in Philosopher's Stone
70
Literature
Apr 5, 2011
Last Line from Each Chapter in Prisoner of Azkaban
70
4.00
Literature
Apr 5, 2011
Last Line from Each Chapter in Deathly Hallows
66
1.00
Literature
May 2, 2011
Go to Creator's Profile
Score Distribution
Quiz Creator Spotlight
RickTommy
Follow
Send a Message
Quizzes Created
-
Created Quiz Play Count
-
More By This Creator
Popular Quizzes Today
1
Find the US States - No Outlines Minefield
2
Find the Countries of Europe - No Outlines Minefield
3
The Countries of the World
4
Find the US States
5
Risky Map Clicking: Biggest States A-Z
6
US States
7
Popular People in 1961
8
Movies - When Are They Set?
More Literature Quizzes
80% Novels II
Published
Trending Quizzes
Risky Map Clicking: Least Populous States A-Z
1-10 Letter G Words
1-10 Letter F Words
Risky Map Clicking: Next State Alphabetically
Adjectives in 80s TV Shows
Recently Updated
Leaping Animals
pecheneg
Reality TV Shows (A-Z)
bhenderson79
Rickey Henderson's Hall of Fame Teammates
pecheneg
Champions League XIs: Arsenal
pecheneg
Quick Pick: Celebrities in WWE's Hall of Fame
aduchscher
A-Z Keypad Blitz II
pecheneg
Multiple Oscar Actors
pecheneg
Mystery Phrase Blitz: Oscar 'Best Actors'
pecheneg
F. Scott Fitzgerald Novels
LTH
Pick 3 Villains
ddd62291
Trending Topics
Marvel
Crossword
Harry Potter
NBA
Anime
Kpop
Disney
Pokémon
Song
Puzzle
WWE
The Office
Country
NFL
Soccer
Your Account Isn't Verified!
In order to create a playlist on Sporcle, you need to verify the email address you used during registration. Go to your
Sporcle Settings
to finish the process.
Report this User
Report this user for behavior that violates our
Community Guidelines
.
Details:
Send Report
Go to the Sporcle.com Mobile Site →
Comments